000 005890000a22001810004500
003 MACL
005 20160421122503.0
008 160421b xxu||||| |||| 00| 0 eng d
040 _aMACL
_cMACL
041 _aHindi
082 _a740
100 _aजसलीन धमीजा
_953034
245 _aभारत की लोक कला और हस्‍तशिल्‍प
260 _bनेशनल बुक ट्रस्‍ट इंडिया
_c1972
_aदिल्‍ली
350 _a7.75
650 _aDrawing & Decorative Art
_953035
942 _cHIN
_k740
_2ddc
999 _c21860
_d21860